| 000 | 00337nam a2200121Ia 4500 | ||
|---|---|---|---|
| 008 | 180412s9999||||xx |||||||||||||| ||und|| | ||
| 040 | _aAhmadu Bello University Library - Zaria | ||
| 100 | _aHAINES, R. W. | ||
| 245 | 0 |
_aHandbook of human embryology. _cR. W. Haines, A. Mohiuddin. |
|
| 250 |
_a\\ _a5th |
||
| 260 | _c1972 | ||
| 300 | _a252p. | ||
| 700 | _aMOHIUDDIN, A. | ||
| 999 |
_c789 _d789 |
||